• 首页
  • 本馆介绍
  • 公告通知
  • 最新文献
  • 馆藏检索
  • 电子资源
  • 读者导购
  • 参考咨询
  • 我的图书馆
  • 登录
  • 详细信息显示
  • 放入我的书架
  • 预约/预借图书
  • 作者相关作品
  • 分类相关作品
  • 丛书相关作品
  • 出版社相关作品

书目信息

  • 表格格式
  • 工作单格式
  • 卡片格式
题名:
工业窑炉节能技术
    
 
作者: 王学涛 主编
分册:  
出版信息: 北京   化学工业出版社  2010.07
页数: 158页
开本: 26cm
丛书名: 工业设备节能技术丛书
单 册:
中图分类: TK175
科图分类:
主题词: 热力工程--设备
电子资源:
ISBN: 978-7-122-08364-7
000 00651nam0 2200217 450
001 1136347734
005 20110914100857.87
010    @a978-7-122-08364-7@dCNY45.00
100    @a20110914d2010 km y0chiy0120 ea
101 0  @achi
102    @aCN@b110000
200 1  @a工业窑炉节能技术@Agong ye yao lu jie neng ji shu@f王学涛等主编@Fwang xue tao deng zhu bian
210    @a北京@c化学工业出版社@d2010.07
215    @a158页@d26cm
225 2  @a工业设备节能技术丛书
410  0 @12001 @a工业设备节能技术丛书
606 0  @a热力工程@x设备
690    @aTK175@v5
701  0 @a王学涛@Awang xue tao@4主编
801  0 @aCN@bNISOFT@c20110914
905    @aBZT@dTK175@e1
    
    工业窑炉节能技术/王学涛等主编.-北京:化学工业出版社,2010.07
    158页;26cm.-(工业设备节能技术丛书)
    
    
    ISBN 978-7-122-08364-7:CNY45.00
    
●
相关链接 在五车中查询图书 在当当中查询图书 在豆瓣中查询图书


正题名:工业窑炉节能技术     索取号:TK175/1         预约/预借

序号 登录号 条形码 馆藏地/架位号 状态 备注
1 2001740123   2001740123   样本书库/样005架A面3层3列/ [索取号:TK175/1] 在馆    
2 794317   2000794317   中心书库中库/ 中库029架B面1列5层30/ [索取号:TK175/1] 在馆    
3 794318   2000794318   中心书库中库/ 中库029架B面1列5层29/ [索取号:TK175/1] 在馆    
4 794319   2000794319   中心书库中库/ 中库029架B面1列5层28/ [索取号:TK175/1] 在馆    
5 794320   2000794320   中心书库中库/ 中库029架B面1列5层27/ [索取号:TK175/1] 在馆    
6 794321   2000794321   中心书库中库/ 中库029架B面1列5层26/ [索取号:TK175/1] 在馆    
山东省滨州职业学院图书馆 欢迎您!
大连网信软件有限公司© 版权所有